000 00647nam0a22002291 4500
001 rc\1107125
005 20041126174145.5
035 _a(NLR Aleph) 006351773
090 _a4809242
_c4809242
100 _a20041126d1982 u |0rusy50 ca
101 0 _arus
102 _aRU
105 _ay |||||||||
200 1 _aЧеловек и производство
210 _aКишинев
_cКартя молдовеняскэ
_d1982
215 _a148 с.
_d17
700 1 _aКазаков
_bВ. Г.
_gВиктор Григорьевич
801 0 _aRU
_bNLR
_gpsbo
801 1 _aRU
_bELAR
_2rusmarc
852 _aNLR
_j82-2/2165
942 _cBOOK
980 _aNB